000 00630nam a2200145Ia 4500
008 100415s9999 xx 000 0 und d
082 _b10670
_a338.43
100 _aEdwards D
245 _aSlaugher Facilities for Tropical Conditions : A Guide to the Selection and Costing of Appropriate Systems
260 _aLONDON
_c1979
_bTROPICAL PRODUCTS INSTITUTE
365 _b0
630 _aSlaugher Facilities for Tropical Conditions : A Guide to the Selection and Costing of Appropriate Systems
730 _aSlaugher Facilities for Tropical Conditions : A Guide to the Selection and Costing of Appropriate Systems
942 _cBOOK
999 _c593596
_d593593